000 00588nam a2200181 u 4500
001 000020346
005 20200929170357.0
008 100813s2015 dr 000 0 spa d
020 _z9789945081992
040 _aDO-SdBNP
_bspa
_cBNPHU
082 _axxx
_bxxxx
100 1 _aFigueroa Encarnación, Honécimo
_d1964-
_942996
245 1 0 _aLey natural /
_cHonécimo Figueroa Encarnación.
260 _aSanto Domingo :
_bEditora J. Peguero, SRL,
_c2015.
300 _a40 p. ;
_c23 cm.
500 _aIncluye datos biográficos del autor en la contracubierta
504 _aBibliografía : p. 39
999 _c19850
_d19850